Viaje de información técnica a Estados Unidos / (Record no. 138027)

MARC details
000 -LEADER
campo de control de longitud fija 00682nam a2200193 4500
001 - NÚMERO DE CONTROL
campo de control 138027
003 - IDENTIFICADOR DE NÚMERO DE CONTROL
campo de control ES-MaACL
005 - FECHA Y HORA DE LA ÚLTIMA TRANSACCIÓN
campo de control 20250901211017.0
007 - CAMPO FIJO DE DESCRIPCIÓN FÍSICA--INFORMACIÓN GENERAL
campo de control de longitud fija t|
008 - DATOS DE LONGITUD FIJA--INFORMACIÓN GENERAL
campo de control de longitud fija 070214s1961 sp r ||||1| spa d
100 1# - ENTRADA PRINCIPAL--NOMBRE DE PERSONA
Nombre de persona Sánchez López, José.
9 (RLIN) 102731
245 10 - MENCIÓN DEL TÍTULO
Título Viaje de información técnica a Estados Unidos /
Mención de responsabilidad, etc. por José Sánchez López.
260 ## - PUBLICACIÓN, DISTRIBUCIÓN, ETC.
Lugar de publicación, distribución, etc. [S. l. :
Nombre del editor, distribuidor, etc. s. n.],
Fecha de publicación, distribución, etc. 1961 (
Lugar de fabricación/manufactura Salamanca :
Fabricante Imp. Ortega)
300 ## - DESCRIPCIÓN FÍSICA
Extensión 18 p. ;
Dimensiones 28 cm.
500 ## - NOTA GENERAL
Nota general Precede al tít.: Cámara Oficial de Comercio e Industria de Salamanca.
710 2# - ENTRADA AGREGADA--NOMBRE DE ENTIDAD CORPORATIVA
Nombre de entidad corporativa o nombre de jurisdicción como elemento de entrada Cámara Oficial de Comercio e Industria de Salamanca
9 (RLIN) 2386
852 ## - LOCALIZACIÓN
Ubicación ES-MaACL
Número de control de estantería 2022-F-16
Sublocalización o colección R.48579
Holdings
Estatus retirado Estado de pérdida Estado de daño No para préstamo Colección Biblioteca de origen Biblioteca actual Ubicación en estantería Fecha de adquisición Fuente de adquisición Total de préstamos Signatura topográfica completa Código de barras Visto por última vez Precio de reemplazo Tipo de ítem Koha
        Colección de folletos Biblioteca del Ateneo de Madrid Biblioteca del Ateneo de Madrid Depósito folletos 17/01/2008     2022-F-16 1143629 23/02/2023 23/02/2023 Folleto